Welcome to the Holygrace Academy Library

Please use search bar below to get started

KANAPONNU (Record no. 5043)

MARC details
000 -LEADER
fixed length control field 00454nam a22001457a 4500
020 ## - INTERNATIONAL STANDARD BOOK NUMBER
ISBN 978-81-226-0777-2
082 ## - DEWEY DECIMAL CLASSIFICATION NUMBER
Classification number 894.812.3
Item number PAR/K
100 ## - MAIN ENTRY--AUTHOR NAME
Personal name PARAPPURATTH
245 ## - TITLE STATEMENT
Title KANAPONNU
260 ## - PUBLICATION, DISTRIBUTION, ETC. (IMPRINT)
Place of publication THRISSUR
Name of publisher CURRENT BOOKS
Year of publication 2009
300 ## - PHYSICAL DESCRIPTION
Number of Pages 82
520 ## - SUMMARY, ETC.
Summary, etc A beautiful girl named Ribba, from a wealthy family, has to be so humbly married to a non-beautiful young man named Thomas Kutty, with a certain situation.
650 ## - SUBJECT ADDED ENTRY--TOPICAL TERM
Topical Term NOVEL
942 ## - ADDED ENTRY ELEMENTS (KOHA)
Koha item type Books
Holdings
Withdrawn status Lost status Collection code Home library Current library Shelving location Date acquired Source of acquisition Cost, normal purchase price Full call number Accession Number Koha item type
    Fiction Main Library Main Library SHELF-16- J- MALAYALAM NOVELS,FICTIONS 28/10/2019 Purchase 50.00 894.812.3 PAR/K 11782 Books